[Event "ENG-ch Schools"]
[Site "Nottingham"]
[Date "2025.06.26"]
[Round "5.3"]
[White "Kaushik, Madhav"]
[Black "Bevis, Noah"]
[Result "0-1"]
[WhiteElo "1914"]
[BlackElo "2078"]
[PlyCount "106"]
[EventDate "2025.06.25"]
[EventType "team-swiss"]
[EventRounds "6"]
[EventCountry "ENG"]
[SourceTitle "CB27_2025"]
[SourceDate "2025.07.02"]
[SourceVersion "1"]
[SourceVersionDate "2025.07.02"]
[SourceQuality "1"]
[WhiteTeam "Haberdashers Askes"]
[BlackTeam "Magdalen College"]
[WhiteTeamCountry "ENG"]
[BlackTeamCountry "ENG"]

1. e4 c5 2. Nf3 Nc6 3. d4 cxd4 4. Nxd4 e5 5. Nb5 d6 6. N1c3 a6 7. Na3 Be6 8. Nc4 Rb8 9. a4 Nb4 10. a5 Qc7 11. Nb6 Nf6 12. Bd3 Qc6 13. 0-0 Be7 14. Re1 Bd8 15. Be3 Ng4 16. Qe2 Nxe3 17. Qxe3 Bxb6 18. axb6 0-0 19. Red1 Rfd8 20. Rd2 Rd7 21. Rad1 Rbd8 22. Bf1 Bc4 23. Nd5 Nxd5 24. exd5 Qb5 25. Bxc4 Qxc4 26. b3 Qb4 27. c4 Rc8 28. Ra2 f5 29. Ra4 Qc5 30. Qxc5 Rxc5 31. Kf1 Kf7 32. Rc1 Rc8 33. b4 Ke7 34. Ra3 h6 35. Rd3 e4 36. Rdd1 Kf6 37. c5 dxc5 38. bxc5 Ke5 39. c6 bxc6 40. Rxc6 Rxc6 41. dxc6 Rxd1+ 42. Ke2 Kd6 43. Kxd1 Kxc6 44. Ke2 Kxb6 45. f3 exf3+ 46. gxf3 Kc5 47. Kd3 a5 48. Kc3 a4 49. h3 f4 50. h4 g5 51. h5 Kb5 52. Kd2 Kc4 53. Kc2 a3 0-1

[Event "British Rapidplay"]
[Site "Peterborough"]
[Date "2025.03.02"]
[Round "11"]
[White "Bevis, Noah"]
[Black "Kothari, Jai"]
[Result "1/2-1/2"]
[WhiteElo "1777"]
[BlackElo "2035"]
[PlyCount "244"]
[EventDate "2025.03.01"]
[EventType "swiss (rapid)"]
[EventRounds "11"]
[EventCountry "ENG"]
[SourceTitle "CB10_2025"]
[SourceDate "2025.03.05"]
[SourceVersion "1"]
[SourceVersionDate "2025.03.05"]
[SourceQuality "1"]

1. d4 Nf6 2. Bf4 e6 3. e3 d5 4. Nf3 c5 5. c3 Qb6 6. Qb3 c4 7. Qc2 Nc6 8. Nbd2 Be7 9. h3 Qd8 10. a4 Na5 11. Be2 a6 12. e4 Nb3 13. Nxb3 cxb3 14. Qxb3 Nxe4 15. 0-0 0-0 16. Rad1 f5 17. Nd2 Bd6 18. Bxd6 Nxd6 19. c4 Ne4 20. Nxe4 fxe4 21. f3 exf3 22. Rxf3 Rxf3 23. Bxf3 dxc4 24. Qxc4 Qb6 25. b4 Bd7 26. a5 Qd6 27. Qc5 Qg3 28. Qe5 Qg6 29. Qc7 Bb5 30. Qxb7 Rf8 31. Qe4 Qxe4 32. Bxe4 Rd8 33. Kf2 Kf7 34. Ke3 g6 35. Rc1 Kf6 36. Rc5 Rb8 37. Bc6 Bf1 38. Rc1 Bb5 39. Bxb5 Rxb5 40. Rc6 Rxb4 41. d5 Rb3+ 42. Kf2 Rb5 43. Rxe6+ Kf7 44. Rxa6 Rxd5 45. Ra7+ Kf6 46. a6 h5 47. Ra8 Ra5 48. a7 Kg5 49. Kf3 Ra4 50. g3 Ra3+ 51. Ke4 Ra5 52. h4+ Kg4 53. Rg8 Ra4+ 54. Ke5 Ra5+ 55. Kd6 Ra6+ 56. Kc5 Rxa7 57. Rxg6+ Kf5 58. Rg5+ Kf6 59. Kb6 Ra3 60. Kb5 Rf3 61. Kc4 Rf5 62. Rg8 Re5 63. Kd4 Ra5 64. Ke4 Rb5 65. Kf4 Rb4+ 66. Kf3 Rb5 67. Re8 Kg6 68. Re6+ Kg7 69. Kf4 Rb4+ 70. Kf3 Rc4 71. Re4 Rc5 72. Kf4 Kf6 73. Ra4 Rf5+ 74. Ke4 Rf1 75. Ra6+ Kg7 76. Rd6 Rf2 77. Rd3 Kg6 78. Re3 Rf1 79. Ke5 Rf2 80. Ra3 Rf1 81. Ra6+ Kg7 82. Ra4 Kg6 83. Rf4 Re1+ 84. Re4 Rf1 85. Re3 Rf2 86. Ke4 Rf1 87. Re2 Rf8 88. Ra2 Rf1 89. Ra5 Rf2 90. Rg5+ Kh6 91. Ke3 Rf1 92. Ke2 Rf8 93. Re5 Kg6 94. Re4 Rf7 95. Rf4 Re7+ 96. Kf3 Re6 97. Rf8 Ra6 98. Ke4 Ra4+ 99. Ke5 Ra5+ 100. Ke6 Ra6+ 101. Kd5 Ra5+ 102. Kc4 Kg7 103. Rf3 Re5 104. Kd4 Re8 105. Rf5 Kg6 106. Rg5+ Kh6 107. Re5 Rd8+ 108. Ke4 Rd1 109. Re6+ Kh7 110. Kf5 Rd3 111. Kf4 Rd4+ 112. Kg5 Rg4+ 113. Kxh5 Rxg3 114. Re7+ Kg8 115. Kh6 Ra3 116. Re6 Ra8 117. h5 Kh8 118. Kg6 Kg8 119. h6 Kh8 120. Rf6 Rb8 121. Rf7 Rb6+ 122. Kg5 Rb5+ 1/2-1/2

[Event "British Rapidplay"]
[Site "Peterborough"]
[Date "2025.03.01"]
[Round "2"]
[White "Halpin, David"]
[Black "Bevis, Noah"]
[Result "0-1"]
[WhiteElo "1563"]
[BlackElo "1777"]
[PlyCount "58"]
[EventDate "2025.03.01"]
[EventType "swiss (rapid)"]
[EventRounds "11"]
[EventCountry "ENG"]
[SourceTitle "CB10_2025"]
[SourceDate "2025.03.05"]
[SourceVersion "1"]
[SourceVersionDate "2025.03.05"]
[SourceQuality "1"]

1. c4 g6 2. Nc3 Bg7 3. d4 Nf6 4. Bf4 d6 5. e3 0-0 6. h3 Nbd7 7. Nf3 Re8 8. Bd3 b6 9. Qe2 Bb7 10. 0-0 e5 11. dxe5 dxe5 12. Bh2 e4 13. Nxe4 Bxe4 14. Bxe4 Rxe4 15. Nd2 Re8 16. Nf3 Rc8 17. Rad1 Qe7 18. Rfe1 Red8 19. a3 Nf8 20. Nd4 c6 21. b4 Ne6 22. Nxe6 Qxe6 23. f4 h5 24. Rf1 Rxd1 25. Rxd1 Re8 26. Rd3 Qxc4 27. Qd1 Nd5 28. Kf2 Nc3 29. Qc2 Ne4+ 0-1

[Event "BCF-ch U12 rapid"]
[Site "Hull"]
[Date "2024.07.27"]
[Round "9"]
[White "Vaidyanathan, Adithya"]
[Black "Bevis, Noah"]
[Result "1-0"]
[WhiteElo "1920"]
[BlackElo "1649"]
[PlyCount "131"]
[EventDate "2024.07.26"]
[EventType "swiss (rapid)"]
[EventRounds "9"]
[EventCountry "ENG"]
[SourceTitle "CBM 221 Extra"]
[Source "ChessBase"]
[SourceDate "2024.09.30"]
[SourceVersion "1"]
[SourceVersionDate "2024.09.30"]
[SourceQuality "1"]

1. Nf3 Nf6 2. d4 g6 3. c4 d5 4. cxd5 Nxd5 5. e4 Nb6 6. Nc3 Bg7 7. Be3 c6 8. Be2 Be6 9. Ng5 Bd7 10. f4 a5 11. Qb3 0-0 12. d5 Nxd5 13. exd5 cxd5 14. Qxd5 Bc6 15. Qxd8 Rxd8 16. 0-0 Na6 17. Rad1 Nb4 18. Bb6 Rxd1 19. Rxd1 e6 20. a3 Nd5 21. Nxd5 Bxd5 22. b4 h6 23. Nf3 axb4 24. axb4 Ra2 25. Rd2 Rxd2 26. Nxd2 Bc3 27. Nf1 Bxb4 28. Ne3 Bc6 29. Kf2 Kg7 30. Bf3 Bxf3 31. Kxf3 h5 32. Ke4 Bd6 33. Nc4 Bb8 34. Na5 f5+ 35. Kf3 Kf6 36. Bd4+ e5 37. fxe5+ Bxe5 38. Bxe5+ Kxe5 39. Nxb7 g5 40. Nc5 h4 41. h3 Kd5 42. Nd3 Kd4 43. Nf2 Ke5 44. Ke3 Kd5 45. Nd3 Ke6 46. Kd4 Kf6 47. Kd5 g4 48. Nf4 Kg5 49. Ke5 gxh3 50. gxh3 Kh6 51. Kxf5 Kh7 52. Kg4 Kh6 53. Kxh4 Kh7 54. Kg5 Kg7 55. h4 Kh7 56. Ne6 Kg8 57. Kg6 Kh8 58. Ng5 Kg8 59. Nf7 Kf8 60. h5 Kg8 61. h6 Kf8 62. h7 Ke8 63. h8Q+ Ke7 64. Qe5+ Kf8 65. Qe4 Kg8 66. Qe8# 1-0

[Event "BCF-ch U12 rapid"]
[Site "Hull"]
[Date "2024.07.26"]
[Round "4"]
[White "Ding, Yicheng"]
[Black "Bevis, Noah"]
[Result "1/2-1/2"]
[WhiteElo "1557"]
[BlackElo "1649"]
[PlyCount "93"]
[EventDate "2024.07.26"]
[EventType "swiss (rapid)"]
[EventRounds "9"]
[EventCountry "ENG"]
[SourceTitle "CBM 221 Extra"]
[Source "ChessBase"]
[SourceDate "2024.09.30"]
[SourceVersion "1"]
[SourceVersionDate "2024.09.30"]
[SourceQuality "1"]

1. d4 Nf6 2. c4 g6 3. Nf3 d5 4. Nc3 Bg7 5. Bg5 Ne4 6. cxd5 Nxc3 7. bxc3 Qxd5 8. e3 Bg4 9. Bf4 c5 10. Bxb8 Rxb8 11. Bb5+ Bd7 12. Bxd7+ Qxd7 13. 0-0 0-0 14. Qe2 Rfc8 15. Rfd1 Qc7 16. Rac1 Qb6 17. Rb1 Qe6 18. d5 Qd7 19. c4 a6 20. e4 b5 21. cxb5 axb5 22. e5 f5 23. Ng5 c4 24. d6 e6 25. Rdc1 h6 26. Nf3 g5 27. a4 Rc5 28. axb5 Rbxb5 29. Rxb5 Qxb5 30. Nd4 Qd7 31. g3 Rxe5 32. Qxc4 Qxd6 33. Qc8+ Qf8 34. Nxe6 Qxc8 35. Rxc8+ Kf7 36. Nxg7 Kxg7 37. Rc7+ Kf6 38. Rc6+ Re6 39. Rxe6+ Kxe6 40. f3 h5 41. Kf2 Kd5 42. Ke3 Ke5 43. h4 f4+ 44. gxf4+ gxf4+ 45. Kd3 Kd5 46. Kc3 Kc5 47. Kd3 1/2-1/2

[Event "BCF-ch U12 blitz"]
[Site "Hull"]
[Date "2024.07.25"]
[Round "8"]
[White "Bevis, Noah"]
[Black "Misra, Anay"]
[Result "1/2-1/2"]
[WhiteElo "1649"]
[BlackElo "1908"]
[PlyCount "190"]
[EventDate "2024.07.25"]
[EventType "swiss (blitz)"]
[EventRounds "9"]
[EventCountry "ENG"]
[SourceTitle "CBM 221 Extra"]
[Source "ChessBase"]
[SourceDate "2024.09.30"]
[SourceVersion "1"]
[SourceVersionDate "2024.09.30"]
[SourceQuality "1"]

1. e4 d5 2. exd5 Nf6 3. Nc3 Nxd5 4. Nxd5 Qxd5 5. Nf3 Bg4 6. Be2 Nc6 7. h3 Bh5 8. d3 e5 9. Be3 Qd8 10. Qd2 Bd6 11. g4 Bg6 12. h4 h6 13. h5 Bh7 14. g5 hxg5 15. Bxg5 f6 16. Be3 Qd7 17. d4 exd4 18. Nxd4 Nxd4 19. Bxd4 a6 20. 0-0-0 0-0-0 21. Bc3 Qa4 22. Kb1 Be5 23. Bd3 Bxd3 24. cxd3 Bxc3 25. Qxc3 Rhe8 26. Rc1 Qd7 27. Ka1 Kb8 28. d4 Re4 29. Rhd1 Re6 30. d5 Rb6 31. Qg3 Ka7 32. Qxc7 Qxc7 33. Rxc7 Rbd6 34. Rxg7 Rxd5 35. Rxd5 Rxd5 36. a3 Rxh5 37. Rg2 Rf5 38. Kb1 Kb6 39. Kc2 Kc5 40. Kd3 Kd5 41. Ke3 b6 42. Rg4 Re5+ 43. Kd3 Rf5 44. Rg2 Ke5 45. Ke3 Kd5 46. f4 Rh5 47. Rd2+ Ke6 48. Ke4 Rh7 49. Rc2 Rb7 50. Rc6+ Kf7 51. Kf5 Ke7 52. Rxf6 a5 53. Rh6 Kf8 54. Rf6+ Ke7 55. Re6+ Kf7 56. Re5 b5 57. Ke4 Kf6 58. Rc5 Rb6 59. f5 Rb7 60. Re5 Kg5 61. Re6 Rc7 62. Rg6+ Kh4 63. Rb6 Rc5 64. f6 a4 65. f7 Rc8 66. Rxb5 Rf8 67. Rb7 Kg5 68. Kd4 Kf6 69. Kc4 Kg7 70. Kb4 Ra8 71. Rb5 Kxf7 72. Ra5 Rb8+ 73. Rb5 Ra8 74. Kc5 Rc8+ 75. Kb6 Rb8+ 76. Ka5 Ra8+ 77. Kb4 Ke6 78. Kc3 Kd6 79. Rh5 Kc6 80. Kc4 Kd6 81. Rh6+ Ke5 82. Rb6 Ra7 83. Kb5 Kd4 84. Rd6+ Ke5 85. Rd2 Ke6 86. Rc2 Kd5 87. Kb4 Kd4 88. Rd2+ Ke3 89. Rh2 Kd3 90. Kc5 Rc7+ 91. Kb6 Rc4 92. Kb5 Rg4 93. Rh8 Kc2 94. Ra8 Kb3 95. Ra6 Rg5+ 1/2-1/2